|
|
|
|
| LEADER |
00946nam a22002172a 4500 |
| 001 |
000381750 |
| 003 |
CZ BrMZK |
| 005 |
20030821092656.0 |
| 007 |
ta |
| 008 |
010907s1862 xo f ger d |
| 040 |
|
|
|a BOA001
|b cze
|
| 100 |
1 |
|
|a Merklas, Václav,
|d 1809-1867
|7 jk01081290
|4 aut
|
| 245 |
1 |
4 |
|a Die Stadtpfarrkirche S. Jacobi Maj. in der königl. Freistadt Leutschau
|
| 260 |
|
|
|a [Leutschau] :
|b Druck von Johann Werthmüller & Sohn,
|c 1862
|
| 300 |
|
|
|a 52, [6] s., front. ;
|c 8°
|
| 500 |
|
|
|a Reference: Rizner III,45 (jiné vyd.),193. - Autor uveden na konci textu na str. 52, doslov An großmüthige Wohlthäter podeps. Paul Still, Leutschauer Stadtpfarrer. - Na front. fotogr. reprodukce pohledu na kostel.- S pův. typogr. obálkou
|
| 700 |
1 |
|
|a Still, Pavel,
|d 19. stol.
|4 com
|
| 910 |
|
|
|a BOA001
|b 1-0760.597
|
| 990 |
|
|
|a BK
|
| 993 |
|
|
|a Y
|
| 996 |
6 |
|
|b 2619817096
|c 1-0760.597
|l MZK
|r Sklad / do 1 hodiny
|n 3
|w 000381750
|u 000010
|a 1
|e BOA001
|j MZK50
|s P
|